An Introduction to language and linguistics / (Record no. 8628)

MARC details
000 -LEADER
fixed length control field 00719nam a22002292 4500
001 - CONTROL NUMBER
control field 0000018722
005 - DATE AND TIME OF LATEST TRANSACTION
control field 20151217152133.0
008 - FIXED-LENGTH DATA ELEMENTS--GENERAL INFORMATION
fixed length control field 100609s xx 000 0 eng d
020 ## - INTERNATIONAL STANDARD BOOK NUMBER
International Standard Book Number 0521612357 :
040 ## - CATALOGING SOURCE
Original cataloging agency KABU
Transcribing agency KABU
245 13 - TITLE STATEMENT
Title An Introduction to language and linguistics /
Statement of responsibility, etc. Edited by Ralph Fasold and Jeff Connor-Linton.
250 ## - EDITION STATEMENT
Edition statement 1st ed.
260 ## - PUBLICATION, DISTRIBUTION, ETC. (IMPRINT)
Place of publication, distribution, etc. Cambridge :
Name of publisher, distributor, etc. C. U. P.,
Date of publication, distribution, etc. 2006.
300 ## - PHYSICAL DESCRIPTION
Extent xvi, 540 p.
650 #0 - SUBJECT ADDED ENTRY--TOPICAL TERM
Topical term or geographic name as entry element Linguistics.
-- 0000151993
650 #0 - SUBJECT ADDED ENTRY--TOPICAL TERM
Topical term or geographic name as entry element Language and languages.
-- 0000045927
700 1# - ADDED ENTRY--PERSONAL NAME
Personal name Fasold, Ralph.
-- 0000178058
700 1# - ADDED ENTRY--PERSONAL NAME
Personal name Connor-Linton, Jeff.
-- 0000178059
852 1# - LOCATION
-- p4000 KES
908 ## - PUT COMMAND PARAMETER (RLIN)
Put command parameter 100609
950 ## - LOCAL HOLDINGS (RLIN)
-- 1
Holdings
Withdrawn status Lost status Source of classification or shelving scheme Not for loan Home library Current library Date acquired Total Checkouts Total Renewals Full call number Barcode Checked out Date last seen Date last checked out Price effective from Koha item type
    Library of Congress Classification   Kabarak, Main Campus Kabarak, Main Campus 17/12/2015 7 5 P121 .I58 2006 c. 1 24971 10/07/2026 16/07/2025 16/07/2025 17/12/2015 General Collection
Designed with assistance from East African Informatics Ltd